000 00437nam a2200169Ia 4500
003 GCL
008 140319s9999 xx 000 0 ara d
040 _aGCL /
_cGCL
082 0 4 _a810.9
_bم م
100 1 _aماهر حسن فهمى
245 1 0 _aالمذاهب النقدية /
_cماهر حسن فهمى
300 _a224 ص
490 _a
650 0 4 _aالادب العربى
650 0 4 _aتاريخ ونقد
942 _2ddc
_cBK
999 _c38162
_d38162